A VISITOR FROM OUTER SPACE SCIENCE FICTION STORIES (Record no. 585560)

000 -LEADER
fixed length control field 00287nam a22001097a 4500
082 ## - DEWEY DECIMAL CLASSIFICATION NUMBER
Classification number 810.308762 VIS'F
100 ## - MAIN ENTRY--PERSONAL NAME
Personal name FOREIGN, LANGUAGES
9 (RLIN) 80663
245 ## - TITLE STATEMENT
Title A VISITOR FROM OUTER SPACE SCIENCE FICTION STORIES
260 ## - PUBLICATION, DISTRIBUTION, ETC.
Place of publication, distribution, etc. MOSCOW
Name of publisher, distributor, etc. FOREIGN LANGUAGES
Date of publication, distribution, etc. 1962
300 ## - PHYSICAL DESCRIPTION
Extent 210P
942 ## - ADDED ENTRY ELEMENTS (KOHA)
Koha item type Book
Holdings
Withdrawn status Lost status Source of classification or shelving scheme Damaged status Not for loan Permanent Location Current Location Shelving location Date acquired Shelving control number Full call number Barcode Date last seen Price effective from Koha item type Public note
          College of Electrical & Mechanical Engineering (CEME) College of Electrical & Mechanical Engineering (CEME) Fiction 07/10/2017 English Literature 810.308762 VIS'F CEME-4852 06/28/2021 06/28/2021 Book CART-4
© 2023 Central Library, National University of Sciences and Technology. All Rights Reserved.